All Estonian Premium League teams - Statistics

General Stats
  • This quiz has been taken 55 times
  • The average score is 12 of 34
Answer Stats
Seasons Titles Answer % Correct
23 11 FC Flora
93%
15 9 FC Levadia
89%
1 0 Pärnu FC Levadia
89%
3 0 Tallinna FC Levadia II
89%
6 2 Nõmme Kalju
83%
10 0 FC Kuressaare
72%
23 0 JK Narva Trans
63%
5 0 JK Tallinna Kalev
63%
9 0 Sillamäe Kalev
61%
9 0 JK Tartu Tammeka
57%
5 0 Paide Linnameeskond
57%
3 0 Pärnu JK Vaprus
57%
4 0 Tartu SS Kalev
54%
1 0 Tallinna FC Infonet
50%
16 0 Viljandi Tulevik
39%
1 0 FK Maardu
37%
2 0 FC Viljandi
33%
15 1 Tallinna FC TVMK
24%
3 0 Pärnu JK
20%
3 0 Lasnamäe FC Ajax
15%
6 2 Tallinna FC Lantana
13%
4 2 Tallinna FC Norma
13%
6 0 JK Tallinna Sadam
11%
4 0 Tallinna JK Dünamo
9%
6 0 Tartu JK Merkuur
9%
5 0 Valga FC Warrior
9%
5 0 Kohtla-Järve FC Lootus
7%
3 0 Tallinna KSK Vigri
4%
9 0 Jõhvi JK Eesti Põlevkivi
2%
4 0 Lelle SK
2%
2 0 Kohtla-Järve JHK Keemik
0%
2 0 Pärnu JK Tervis
0%
2 0 Tallinna FC Nikol
0%
1 0 Tallinna JK Vall
0%
No matching quizzes found
Score Distribution
Percent of People with Each Score
Percentile by Number Answered
Your Score History
You have not taken this quiz